000 00530nam a2200193Ia 4500
005 20260120130744.0
008 008 260114s9999 xx 000 0 eng d
020 _a9780199850204
037 _aEBOOK
040 _aCRL
_beng
_cCRL
041 _aeng
_2eng
084 _qCRL
100 _aMorone, Jacobs
_9918833
245 0 _aHealthy, Wealthy, and Fair
260 _bOxford University PressOxford University Press
_c2011
856 _uhttps://academic.oup.com/book/3375
942 _cEBOOK
999 _c1510739
_d1510739